<?xml version="1.0" encoding="UTF-8"?>
<marc:record xmlns:marc="http://www.loc.gov/MARC21/slim">
   <marc:leader>00000nam a2200000 a 4500</marc:leader>
   <marc:datafield ind1="1" ind2=" " tag="100">
      <marc:subfield code="a">Riseborough, Andrea</marc:subfield>
   </marc:datafield>
   <marc:datafield ind1="1" ind2=" " tag="100">
      <marc:subfield code="a">Rahim, Tahar</marc:subfield>
   </marc:datafield>
   <marc:datafield ind1="1" ind2=" " tag="100">
      <marc:subfield code="a">Kazan, Zoe</marc:subfield>
   </marc:datafield>
   <marc:datafield ind1="1" ind2=" " tag="100">
      <marc:subfield code="a">Nighy, Bill</marc:subfield>
   </marc:datafield>
   <marc:datafield ind1="1" ind2=" " tag="100">
      <marc:subfield code="a">Scherfig, Lone</marc:subfield>
   </marc:datafield>
   <marc:datafield ind1=" " ind2=" " tag="653">
      <marc:subfield code="a">Lebenskrise</marc:subfield>
   </marc:datafield>
   <marc:datafield ind1=" " ind2=" " tag="653">
      <marc:subfield code="a">Internationale Filmfestspiele Berlin</marc:subfield>
   </marc:datafield>
   <marc:datafield ind1=" " ind2=" " tag="653">
      <marc:subfield code="a">New York</marc:subfield>
   </marc:datafield>
   <marc:datafield ind1=" " ind2=" " tag="653">
      <marc:subfield code="a">USA</marc:subfield>
   </marc:datafield>
   <marc:datafield ind1=" " ind2=" " tag="653">
      <marc:subfield code="a">Amerika</marc:subfield>
   </marc:datafield>
   <marc:datafield ind1="0" ind2="0" tag="245">
      <marc:subfield code="a">The Kindness of Strangers - Kleine Wunder unter Fremden</marc:subfield>
   </marc:datafield>
   <marc:datafield ind1="0" ind2="0" tag="245">
      <marc:subfield code="b">kleine Wunder unter Fremden</marc:subfield>
   </marc:datafield>
   <marc:datafield ind1="0" ind2="0" tag="245">
      <marc:subfield code="c">Ein Film von Lone Scherfig. Darst.: Bill Nighy, Zoe Kazan, Andrea Riseborough, Tahar Rahim ....</marc:subfield>
   </marc:datafield>
   <marc:datafield ind1=" " ind2="1" tag="264">
      <marc:subfield code="a">München</marc:subfield>
      <marc:subfield code="b">Alamode Film</marc:subfield>
      <marc:subfield code="c">2020</marc:subfield>
   </marc:datafield>
   <marc:datafield ind1="1" ind2=" " tag="520">
      <marc:subfield code="a">Mit ihren zwei Söhnen auf der Rückbank kommt Clara (Zoe Kazan) im winterlichen New York an. Was für die Kinder als Abenteuer getarnt wird, stellt sich bald als Flucht vor dem gewalttätigen Ehemann und Vater heraus. Die drei besitzen wenig mehr als ihr Auto, und als das abgeschleppt wird, stehen sie mittellos auf der Straße. Doch die kalte Großstadt zeigt Güte: Die Familie landet im russischen Restaurant Winter Palace, geführt von dem charmanten Timofey (Bill Nighy) und dem attraktiven Ex-Häftling Marc (Tahar Rahim), der hier eine zweite Chance bekommen hat. Das Winter Palace wird zum Ort der unerwarteten Begegnungen von Menschen in Lebenskrisen, deren Schicksal sich durch die Freundlichkeit von Fremden auf wundersame Weise zum Guten wendet.&#xD;
&#xD;
In ihrem Berlinale-Eröffnungsfilm zeigt Regisseurin Lone Scherfig (ITALIENISCH FÜR ANFÄNGER, AN EDUCATION) mit viel Gespür für ihre Figuren was wachsen kann, wenn sich Fremde freundlich und mit offenem Herzen gegenübertreten. In dem hochkarätig besetzten Märchen über Hoffnung, Vergebung und Liebe brillieren die Darsteller Zoe Kazan (THE BIG SICK, ZEITEN DES AUFRUHRS), Andrea Riseborough (BIRDMAN, OBLIVION), Tahar Rahim (HEUTE BIN ICH SAMBA), Caleb Landry Jones (THREE BILLBOARDS OUTSIDE EBBING, MISSOURI), Jay Baruchel (MILLION DOLLAR BABY) und Bill Nighy (TATSÄCHLICH…LIEBE).</marc:subfield>
   </marc:datafield>
   <marc:datafield ind1=" " ind2=" " tag="020">
      <marc:subfield code="a">4042564201277</marc:subfield>
      <marc:subfield code="9">4042564201277</marc:subfield>
   </marc:datafield>
   <marc:datafield ind1="3" ind2=" " tag="024">
      <marc:subfield code="a">4042564201277</marc:subfield>
   </marc:datafield>
   <marc:datafield ind1=" " ind2=" " tag="500">
      <marc:subfield code="a">Eröffnungsfilm der 69. Filmfestspiele Berlin</marc:subfield>
   </marc:datafield>
   <marc:datafield ind1="0" ind2=" " tag="490">
      <marc:subfield code="v">0</marc:subfield>
   </marc:datafield>
   <marc:datafield ind1="1" ind2=" " tag="521">
      <marc:subfield code="a">FSK ab 12 freigegeben</marc:subfield>
   </marc:datafield>
   <marc:datafield ind1="1" ind2=" " tag="521">
      <marc:subfield code="a">12</marc:subfield>
   </marc:datafield>
   <marc:datafield ind1=" " ind2=" " tag="338">
      <marc:subfield code="a">Videodisk</marc:subfield>
   </marc:datafield>
   <marc:datafield ind1=" " ind2=" " tag="300">
      <marc:subfield code="a">1 DVD</marc:subfield>
   </marc:datafield>
</marc:record>
